|
|
|
|
| LEADER |
00000nam0a2200000 4500 |
| 001 |
353940 |
| 005 |
20231102010636.0 |
| 035 |
|
|
|a (RuTPU)RU\TPU\retro\11198
|
| 090 |
|
|
|a 353940
|
| 100 |
|
|
|a 20200608d1972 km y0rusy50 ca
|
| 101 |
0 |
|
|a rus
|
| 102 |
|
|
|a RU
|
| 105 |
|
|
|a a z 001zy
|
| 200 |
1 |
|
|a Проведение восстающих горных выработок способом гидромеханизации
|f А. Я. Коденцов
|
| 210 |
|
|
|a Донецк
|c Донбас
|d 1972
|
| 215 |
|
|
|a 87 с.
|c ил.
|
| 225 |
1 |
|
|a Опыт промышленности Донбасса
|
| 320 |
|
|
|a Библиогр.: с. 86
|
| 606 |
1 |
|
|a Проходка горных выработок
|x Гидромеханизация
|2 stltpush
|3 (RuTPU)RU\TPU\subj\53003
|9 71357
|
| 610 |
1 |
|
|a восстающие выработки
|
| 610 |
1 |
|
|a проходческие работы
|
| 610 |
1 |
|
|a средства механизации
|
| 610 |
1 |
|
|a отработанная вода
|
| 610 |
1 |
|
|a осветление
|
| 610 |
1 |
|
|a внезапные выбросы
|
| 610 |
1 |
|
|a уголь
|
| 610 |
1 |
|
|a газы
|
| 610 |
1 |
|
|a технико-экономическое обоснование
|
| 610 |
1 |
|
|a технологические схемы
|
| 675 |
|
|
|a 622.234.5
|v 4
|
| 700 |
|
1 |
|a Коденцов
|b А. Я.
|g Алексей Яковлевич
|
| 801 |
|
1 |
|a RU
|b 63413507
|c 20200608
|
| 801 |
|
2 |
|a RU
|b 63413507
|c 20201210
|g RCR
|
| 942 |
|
|
|c BK
|